| 000 | 01783nam a2200397 a 4500 | ||
|---|---|---|---|
| 001 | ebr10519685 | ||
| 003 | CaPaEBR | ||
| 006 | m u | ||
| 007 | cr cn||||||||| | ||
| 008 | 110414s2012 inua sb 001 0 eng d | ||
| 010 | _z 2011014341 | ||
| 020 | _z9780253356819 (cloth alk. paper) | ||
| 020 | _z9780253223494 (pbk. alk. paper) | ||
| 020 | _z9780253005236 (e-book) | ||
| 040 |
_aCaPaEBR _cCaPaEBR |
||
| 035 | _a(OCoLC)769266001 | ||
| 043 | _an-us-in | ||
| 050 | 1 | 4 |
_aGE196 _b.C37 2012eb |
| 082 | 0 | 4 |
_a304.209772/255 _223 |
| 100 | 1 |
_aCarspecken, Lucinda, _d1957- |
|
| 245 | 1 | 3 |
_aAn unreal estate _h[electronic resource] : _bsustainability & freedom in an evolving community / _cLucinda Carspecken. |
| 246 | 3 |
_aUnreal estate : _bsustainability and freedom in an evolving community |
|
| 260 |
_aBloomington : _bIndiana University Press, _cc2012. |
||
| 300 |
_a256 p. : _bill. |
||
| 504 | _aIncludes bibliographical references and index. | ||
| 533 |
_aElectronic reproduction. _bPalo Alto, Calif. : _cebrary, _d2012. _nAvailable via World Wide Web. _nAccess may be limited to ebrary affiliated libraries. |
||
| 650 | 0 |
_aSustainable living _zIndiana _zLothlorien Nature Sanctuary. |
|
| 650 | 0 |
_aSelf-reliant living _zIndiana _zLothlorien Nature Sanctuary. |
|
| 650 | 0 |
_aCollective settlements _zIndiana _zLothlorien Nature Sanctuary. |
|
| 650 | 0 |
_aCommunitarianism _zIndiana _zLothlorien Nature Sanctuary. |
|
| 651 | 0 |
_aLothlorien Nature Sanctuary (Ind.) _xSocial life and customs. |
|
| 651 | 0 |
_aLothlorien Nature Sanctuary (Ind.) _xEnvironmental conditions. |
|
| 655 | 7 |
_aElectronic books. _2local |
|
| 710 | 2 | _aebrary, Inc. | |
| 856 | 4 | 0 |
_uhttp://site.ebrary.com/lib/rucke/Doc?id=10519685 _zAn electronic book accessible through the World Wide Web; click to view |
| 999 |
_c141323 _d141323 |
||